Articulaciones del desarraigo en Amřica Latina El drama de los sin hogar y sin mundo /

Detalles Bibliográficos
Autor principal: Louidor, Wooldy Edson
Formato: eBook
Lenguaje:español
Publicado: Bogot:̀ Pontificia Universidad Javeriana, 2016
Materias:
Acceso en línea:Acceso restringido

MARC

LEADER 00000nam a22000007a 4500
005 2020112005445.0
007 cr|||| |||
008 201120s2016 co |||||s|||| 00||0 spa d
020 |a 978-958-716-927-0 
035 |a 32302 
040 |a vLex 
090 |c 10914  |d 10914 
100 1 |a Louidor, Wooldy Edson 
245 1 0 |a Articulaciones del desarraigo en Amřica Latina  |h [Recurso electrn̤ico] :  |b El drama de los sin hogar y sin mundo /  |c Wooldy Edson Louidor 
256 |a Servicio en ln̕ea 
260 |a Bogot:̀  |b Pontificia Universidad Javeriana,  |c 2016 
300 |a 1 recurso electrn̤ico 
506 1 |a Disponible solo en los productos indicados  |d vLex Global  |d vLex Global (Academic Edition, excluding Law Schools)  |d vLex Global (U.S. Academic Edition, Law Schools)  |d vLex Global (U.S. Academic Edition, excluding Law Schools)  |d vLex Global (Academic Edition, Law Schools) 
650 0 4 |a Ciencias sociales  |z Colombia 
740 0 |a vLex Libros (Servicio en ln̕ea) 
856 4 0 |u http://vlex.com/source/articulaciones-del-desarraigo-en-america-latina-el-drama-de-los-sin-hogar-y-sin-mundo-32302  |z Acceso restringido 
942 |c BOOK 
999 0 |a Social Sciences